Loreto College Library, Kolkata
WEBOPAC (ONLINE PUBLIC ACCESS CATALOGUE)

News editing (Record no. 40056)

MARC details
000 -LEADER
fixed length control field 00561nam a22002057a 4500
005 - DATE AND TIME OF LATEST TRANSACTION
control field 20231130111208.0
008 - FIXED-LENGTH DATA ELEMENTS--GENERAL INFORMATION
fixed length control field 010101b xxu||||| |||| 00| 0 eng d
020 ## - ISBN | অাই এস বি এন
ISBN | অাই এস বি এন 9788184574326
PRICE 995
040 ## - CATALOGING SOURCE
Original cataloging agency Loreto College
041 ## - LANGUAGE CODE
Language code English
082 ## - DDC | ডিউই
Classification number | বর্গসংখ্যা 302.23
Book Number | গ্রন্থাঙ্ক ANI
100 ## - MAIN ENTRY--PERSONAL NAME | মুখ্য সংলেখ - ব্যাক্তিনাম
Personal name | ব্যাক্তিনাম Anita, G
245 ## - TITLE STATEMENT | অাখ্যা বিবরণী
Title | অাখ্যা News editing
Sub title | উপঅাখ্যা Principles and practices
Statement of responsibility | লেখকের দায়িত্বের বিবরণ Dr. G. Anita
260 ## - IMPRINT | প্রকাশনা ক্ষেত্র
Place of publication | প্রকাশ স্থান New Delhi
Name of publisher | প্রকাশকের নাম Kanishka Publishers, Distributors
Date of publication | প্রকাশ কাল 2013
300 ## - PHYSICAL DESCRIPTION |
Page / Vol. No | পৃষ্ঠা / খন্ড সংখ্যা 316p
Other physical details | অনান্য বাহ্যিক বিবরণ 23 cm
504 ## - BIBLIOGRAPHY, ETC. NOTE
Bibliography, etc Includes index
650 ## - SUBJECT ADDED ENTRY--TOPICAL TERM | বিষয় শিরোনাম - মূল বিষয়
Topical term | মূল বিষয় News
Form subdivision | রুপগত বিভাগ Editing
General subdivision | সাধারণ বিভাগ Media Studies
850 ## - HOLDING INSTITUTION
Holding institution LCLIB
942 ## - ADDED ENTRY ELEMENTS (KOHA)
Koha item type Books
Holdings
Withdrawn status Lost status Source of classification Damaged status Not for loan Home library Current library Date acquired Price Total Checkouts Full call number Accession No. Date last seen Date checked out Price effective from Koha item type Coded location qualifier
    Dewey Decimal Classification     Loreto College Loreto College 01/01/2001 995.00 2 302.23 ANI 51253 43627 07/03/2024 04/03/2024 01/01/2001 Books